FODDER TREES IN INDIA (Record no. 25843)

MARC details
000 -LEADER
fixed length control field 00242nam a22001217a 4500
003 - CONTROL NUMBER IDENTIFIER
control field SGT
082 ## - DEWEY DECIMAL CLASSIFICATION NUMBER
Classification number 635
Item number GHO
100 ## - MAIN ENTRY--PERSONAL NAME
Personal name GHOSH, P.K.
245 ## - TITLE STATEMENT
Title FODDER TREES IN INDIA
260 ## - PUBLICATION, DISTRIBUTION, ETC. (IMPRINT)
Place of publication, distribution, etc INDIA
Name of publisher, distributor, etc ICAR
Year of Publication 2014
300 ## - PAGE DESCRIPTION
No. of Pages 170
942 ## - ADDED ENTRY ELEMENTS (KOHA)
Source of classification or shelving scheme Dewey Decimal Classification
Koha item type Books
Holdings
Withdrawn status Lost status Source of classification or shelving scheme Damaged status Not for loan Home library Current library Shelving location Date acquired SGTU Total Checkouts Full call number Accession No. (Barcode) Date last seen Bill Date Koha item type
    Dewey Decimal Classification     SGT Science & Social Sciences Library SGT Science & Social Sciences Library Text Book 28/03/2024 SGTU   635 GHO AG2592 28/03/2024 28/03/2024 Books